[Event "Santa Clara Presidents Day GM"]
[Site "Santa Clara"]
[Date "2024.02.18"]
[Round "5"]
[White "Jiang, Lucas"]
[Black "Deng, Henry"]
[Result "1/2-1/2"]
[WhiteElo "2258"]
[BlackElo "2281"]
[PlyCount "55"]
[EventDate "2024.02.13"]
[EventType "tourn"]
[EventRounds "9"]
[EventCountry "USA"]
[SourceTitle "CB08_2024"]
[SourceDate "2024.02.21"]
[SourceVersion "1"]
[SourceVersionDate "2024.02.21"]
[SourceQuality "1"]

1. e4 c5 2. Nf3 e6 3. d4 cxd4 4. Nxd4 Nf6 5. Bd3 Nc6 6. Nxc6 dxc6 7. Nd2 e5 8. 0-0 Bc5 9. Nb3 Bd6 10. h3 h6 11. Be3 0-0 12. Qe2 Qe7 13. a4 a5 14. Nd2 Be6 15. Bc4 Nd7 16. Rfd1 Bc5 17. Bxe6 Qxe6 18. Nc4 Bxe3 19. Nxe3 Rfd8 20. Nf5 Nc5 21. Qe3 b6 22. b3 Kh7 23. Qe2 g6 24. Ng3 Kg7 25. Qe3 Rd6 26. Rd2 Rad8 27. Rad1 Rxd2 28. Rxd2 1/2-1/2

[Event "Santa Clara Presidents Day GM"]
[Site "Santa Clara"]
[Date "2024.02.18"]
[Round "6"]
[White "Stearman, Josiah P"]
[Black "Jiang, Lucas"]
[Result "1-0"]
[WhiteElo "2455"]
[BlackElo "2258"]
[PlyCount "73"]
[EventDate "2024.02.13"]
[EventType "tourn"]
[EventRounds "9"]
[EventCountry "USA"]
[SourceTitle "CB08_2024"]
[SourceDate "2024.02.21"]
[SourceVersion "1"]
[SourceVersionDate "2024.02.21"]
[SourceQuality "1"]

1. d4 d5 2. c4 dxc4 3. Nf3 Nf6 4. e3 e6 5. Bxc4 a6 6. 0-0 c5 7. b3 Nbd7 8. Bb2 b5 9. Be2 Bb7 10. Nbd2 Be7 11. a4 b4 12. a5 0-0 13. Nc4 Bd5 14. Qc2 Qc7 15. dxc5 Bxc5 16. Rfc1 Qb7 17. Ne1 Rfc8 18. Bf3 Rab8 19. Qe2 Qb5 20. e4 Bc6 21. Nd3 Be7 22. Nde5 Bb7 23. Nxd7 Nxd7 24. Qd2 Bg5 25. Qd6 Bxc1 26. Rxc1 h6 27. h4 e5 28. Bg4 Rd8 29. Rd1 Nf6 30. Qxd8+ Rxd8 31. Rxd8+ Kh7 32. Bf5+ g6 33. Bxe5 gxf5 34. Bxf6 Kg6 35. Rd6 fxe4 36. g4 h5 37. Ne5+ 1-0

[Event "Santa Clara Presidents Day GM"]
[Site "Santa Clara"]
[Date "2024.02.16"]
[Round "2"]
[White "Atanasov, Anthony"]
[Black "Jiang, Lucas"]
[Result "1-0"]
[WhiteElo "2384"]
[BlackElo "2258"]
[PlyCount "53"]
[EventDate "2024.02.13"]
[EventType "tourn"]
[EventRounds "9"]
[EventCountry "USA"]
[SourceTitle "CB08_2024"]
[SourceDate "2024.02.21"]
[SourceVersion "1"]
[SourceVersionDate "2024.02.21"]
[SourceQuality "1"]

1. d4 d5 2. Nf3 Nf6 3. Bf4 g6 4. e3 Bg7 5. Nbd2 0-0 6. c3 c5 7. Be2 Nc6 8. dxc5 Re8 9. 0-0 e5 10. Bg3 a5 11. Bb5 Nd7 12. Bh4 Qc7 13. e4 Na7 14. Ba4 Qxc5 15. exd5 b5 16. Ne4 Qb6 17. Bc2 Bb7 18. Bg5 Nc8 19. Be3 Qc7 20. a4 Nd6 21. Nxd6 Qxd6 22. axb5 Nb6 23. Ng5 Qd8 24. Qf3 f6 25. Bb3 a4 26. d6+ axb3 27. Qxb7 1-0

[Event "Sunnyvale 1000 GM Winter 12"]
[Site "Sunnyvale"]
[Date "2023.12.28"]
[Round "4"]
[White "Jiang, Lucas"]
[Black "Mosquera Klinger, Miguel Alonso"]
[Result "1-0"]
[WhiteElo "2258"]
[BlackElo "2362"]
[PlyCount "81"]
[EventDate "2023.12.26"]
[EventType "schev"]
[EventRounds "9"]
[EventCountry "USA"]
[SourceTitle "CB01_2024"]
[SourceDate "2024.01.03"]
[SourceVersion "1"]
[SourceVersionDate "2024.01.03"]
[SourceQuality "1"]

1. e4 c5 2. Nf3 d6 3. d4 cxd4 4. Nxd4 Nf6 5. Nc3 a6 6. f3 e6 7. Be3 b5 8. a3 Bb7 9. Qd2 Nbd7 10. g4 h6 11. h4 d5 12. exd5 Nxd5 13. Nxd5 Bxd5 14. Be2 Qc7 15. 0-0-0 Ne5 16. Bf4 Bd6 17. Bxb5+ Kf8 18. Ba4 Rb8 19. Bb3 Nd3+ 20. Qxd3 Bxf4+ 21. Kb1 Qb6 22. Qc3 Bxb3 23. Nxb3 Ke7 24. Qc4 Bg3 25. g5 Rhc8 26. Qd3 a5 27. g6 fxg6 28. Qxg6 Be5 29. Rhe1 Bf6 30. Qe4 Rc6 31. a4 Rbc8 32. Re2 Rc4 33. Qd5 Kf8 34. Rxe6 Qc7 35. Qf5 Rf4 36. Qg6 Rxf3 37. Rde1 Qf7 38. Qg4 Qc7 39. Qe4 Rf4 40. Re8+ Kf7 41. Qd5+ 1-0

[Event "Sunnyvale 1000 GM Thanksgiving GM"]
[Site "Sunnyvale"]
[Date "2023.11.26"]
[Round "9"]
[White "Sheng, Joshua"]
[Black "Jiang, Lucas"]
[Result "1-0"]
[WhiteElo "2454"]
[BlackElo "2275"]
[PlyCount "97"]
[EventDate "2023.11.22"]
[EventType "schev"]
[EventRounds "9"]
[EventCountry "USA"]
[SourceTitle "CB48_2023"]
[SourceDate "2023.11.29"]
[SourceVersion "1"]
[SourceVersionDate "2023.11.29"]
[SourceQuality "1"]

1. d4 Nf6 2. c4 g6 3. Nc3 d5 4. cxd5 Nxd5 5. Bd2 c5 6. Rc1 Nxc3 7. Bxc3 Bh6 8. e3 cxd4 9. Bb5+ Nc6 10. Qxd4 Qxd4 11. Bxd4 0-0 12. Bxc6 bxc6 13. Ne2 Be6 14. b3 Rfc8 15. Rc5 Bd5 16. 0-0 Bf8 17. Ra5 e5 18. Bc5 Bg7 19. Nc3 Be6 20. Rd1 h5 21. Kf1 Bf6 22. e4 Kh7 23. Na4 Rc7 24. Ke1 Rb7 25. Ra6 Kg7 26. f3 Bc8 27. Ra5 Be6 28. Be3 a6 29. Nc5 Rb5 30. Nxe6+ fxe6 31. Ra4 Be7 32. Rd7 Kf8 33. Rc7 a5 34. Rxc6 Kf7 35. Rb6 Rb4 36. Rbxb4 Bxb4+ 37. Bd2 Rb8 38. Ke2 Kf6 39. h4 Rb7 40. g4 hxg4 41. fxg4 Ke7 42. Bxb4+ axb4 43. Kd3 Rd7+ 44. Ke3 Rb7 45. Ra5 Kd6 46. Kd3 Rh7 47. Ra6+ Kc5 48. Rxe6 Rxh4 49. Rxe5+ 1-0

[Event "Sunnyvale 1000 GM Thanksgiving GM"]
[Site "Sunnyvale"]
[Date "2023.11.25"]
[Round "7"]
[White "Mosquera Klinger, Miguel Alonso"]
[Black "Jiang, Lucas"]
[Result "1-0"]
[WhiteElo "2371"]
[BlackElo "2275"]
[PlyCount "30"]
[EventDate "2023.11.22"]
[EventType "schev"]
[EventRounds "9"]
[EventCountry "USA"]
[SourceTitle "CB48_2023"]
[SourceDate "2023.11.29"]
[SourceVersion "1"]
[SourceVersionDate "2023.11.29"]
[SourceQuality "1"]

1. e4 e5 2. Nf3 Nc6 3. d4 exd4 4. Nxd4 Bc5 5. Nxc6 Qf6 6. Qf3 Qxf3 7. gxf3 bxc6 8. Nc3 Ne7 9. Rg1 0-0 10. Bc4 Re8 11. Be3 Bxe3 12. fxe3 d6 13. 0-0-0 Be6 14. Bb3 Bd5 15. Bc4 Bxc4 1-0

[Event "Sunnyvale 1000 GM Thanksgiving GM"]
[Site "Sunnyvale"]
[Date "2023.11.24"]
[Round "5"]
[White "Jiang, Lucas"]
[Black "Perdomo, Leandro Daniel"]
[Result "1/2-1/2"]
[WhiteElo "2275"]
[BlackElo "2392"]
[PlyCount "47"]
[EventDate "2023.11.22"]
[EventType "schev"]
[EventRounds "9"]
[EventCountry "USA"]
[SourceTitle "CB48_2023"]
[SourceDate "2023.11.29"]
[SourceVersion "1"]
[SourceVersionDate "2023.11.29"]
[SourceQuality "1"]

1. e4 e5 2. Nf3 Nc6 3. Bb5 a6 4. Ba4 Nf6 5. 0-0 b5 6. Bb3 Bc5 7. a4 Rb8 8. c3 d6 9. d4 Bb6 10. a5 Ba7 11. h3 0-0 12. Be3 Nxe4 13. Bd5 exd4 14. cxd4 Qe8 15. Re1 Nf6 16. Bg5 Nxd5 17. Rxe8 Rxe8 18. Nc3 Be6 19. Nxd5 Bxd5 20. Be3 h6 21. Kh2 Re4 22. Qd2 Ne7 23. Rc1 c6 24. Ng1 1/2-1/2

[Event "Sunnyvale 1000 GM Thanksgiving GM"]
[Site "Sunnyvale"]
[Date "2023.11.23"]
[Round "2"]
[White "Delgado Ramirez, Neuris"]
[Black "Jiang, Lucas"]
[Result "1-0"]
[WhiteElo "2515"]
[BlackElo "2275"]
[PlyCount "70"]
[EventDate "2023.11.22"]
[EventType "schev"]
[EventRounds "9"]
[EventCountry "USA"]
[SourceTitle "CB48_2023"]
[SourceDate "2023.11.29"]
[SourceVersion "1"]
[SourceVersionDate "2023.11.29"]
[SourceQuality "1"]

1. e4 e5 2. Nf3 Nc6 3. Bb5 a6 4. Ba4 Nf6 5. Bxc6 dxc6 6. d3 Bc5 7. Be3 Bxe3 8. fxe3 Qe7 9. Nc3 c5 10. 0-0 0-0 11. Qe1 Bd7 12. a4 b5 13. Qg3 Rae8 14. axb5 axb5 15. Ra6 b4 16. Nb1 Nh5 17. Qe1 f5 18. Nbd2 fxe4 19. Nxe4 Nf6 20. Nxf6+ Rxf6 21. Rxf6 Qxf6 22. Nd2 Qe7 23. b3 Bc6 24. e4 Bd7 25. h3 Qd6 26. Nf3 Rf8 27. Qg3 Rf4 28. Kh2 h6 29. Ra1 Kh7 30. Ra5 Be6 31. Qf2 c4 32. bxc4 b3 33. cxb3 Qxd3 34. Rxe5 Rxe4 35. Qg3 Rxe5 1-0

[Event "Sunnyvale 1000 GM Thanksgiving GM"]
[Site "Sunnyvale"]
[Date "2023.11.22"]
[Round "1"]
[White "Jiang, Lucas"]
[Black "Stopa, Jacek"]
[Result "0-1"]
[WhiteElo "2275"]
[BlackElo "2351"]
[PlyCount "165"]
[EventDate "2023.11.22"]
[EventType "schev"]
[EventRounds "9"]
[EventCountry "USA"]
[SourceTitle "CB48_2023"]
[SourceDate "2023.11.29"]
[SourceVersion "1"]
[SourceVersionDate "2023.11.29"]
[SourceQuality "1"]

1. e4 e5 2. Nf3 Nc6 3. Bb5 a6 4. Ba4 d6 5. 0-0 Bd7 6. c3 g6 7. d4 Bg7 8. Re1 Nf6 9. Nbd2 0-0 10. h3 Re8 11. Bc2 h6 12. Nf1 b5 13. a4 exd4 14. cxd4 Nb4 15. Bb1 bxa4 16. Ng3 Rb8 17. Bd2 Rb6 18. Bxb4 Rxb4 19. Bc2 Rxb2 20. Bxa4 Rb6 21. Bb3 Qb8 22. Ba2 Be6 23. Bxe6 Rxe6 24. Qd3 Qb7 25. Ra5 Rb5 26. Rxb5 Qxb5 27. Qc2 c5 28. Rb1 Qa5 29. e5 dxe5 30. dxc5 Qc7 31. Nd2 Rc6 32. Nb3 Bf8 33. Ne4 Nxe4 34. Qxe4 Bxc5 35. Nxc5 Rxc5 36. Qa8+ Kg7 37. Qxa6 Rc1+ 38. Rxc1 Qxc1+ 39. Kh2 Qf4+ 40. Kg1 Qd4 41. g3 e4 42. Qa3 g5 43. Kg2 h5 44. Qa5 Qf6 45. Qd5 Qg6 46. f3 exf3+ 47. Qxf3 Qc2+ 48. Kh1 Kg6 49. Qa8 Qd1+ 50. Kg2 Qe2+ 51. Kg1 h4 52. Qg8+ Kf6 53. Qh8+ Ke7 54. gxh4 Qe1+ 55. Kg2 Qe4+ 56. Kh2 gxh4 57. Qc8 Qe2+ 58. Kh1 Qd1+ 59. Kh2 Qd7 60. Qc3 Qd6+ 61. Kh1 Kd7 62. Qb3 Qf4 63. Qd5+ Ke7 64. Qc5+ Ke6 65. Qc6+ Kf5 66. Qc8+ Kf6 67. Qc6+ Kg7 68. Qd7 Kh6 69. Qc8 Qe4+ 70. Kh2 Qe2+ 71. Kh1 Qe6 72. Qc1+ Kg6 73. Qg1+ Kh7 74. Qf1 Qe4+ 75. Kh2 Qe5+ 76. Kh1 f5 77. Qf2 Qe4+ 78. Kh2 Kg6 79. Qb6+ Kh5 80. Qb3 Kg5 81. Kg1 Kf4 82. Qb8+ Kf3 83. Kh2 0-1

[Event "Sunnyvale Silicon Valley Fall op"]
[Site "Sunnyvale"]
[Date "2023.09.04"]
[Round "8"]
[White "Jiang, Lucas"]
[Black "Atanasov, Anthony"]
[Result "0-1"]
[WhiteElo "2279"]
[BlackElo "2387"]
[PlyCount "88"]
[EventDate "2023.08.31"]
[EventType "swiss"]
[EventRounds "9"]
[EventCountry "USA"]
[SourceTitle "EXT 2024"]
[Source "ChessBase"]
[SourceDate "2023.10.10"]
[SourceVersion "1"]
[SourceVersionDate "2023.10.10"]
[SourceQuality "1"]

1. e4 e5 2. Nf3 Nf6 3. Nxe5 d6 4. Nf3 Nxe4 5. Nc3 Nxc3 6. dxc3 Be7 7. Be3 Nd7 8. Qd2 0-0 9. 0-0-0 Nf6 10. Bd3 d5 11. h3 c6 12. Kb1 Ne4 13. Bxe4 dxe4 14. Qxd8 Bxd8 15. Nd4 Bc7 16. b3 f5 17. f4 exf3 18. Nxf3 Re8 19. Bc5 Be6 20. c4 a6 21. Bd6 Bd8 22. Rhe1 Bf6 23. Be5 Rad8 24. Bxf6 Rxd1+ 25. Rxd1 gxf6 26. Kc1 Kf7 27. Re1 Rg8 28. Re2 f4 29. Kd2 c5 30. Rf2 Bf5 31. Ne1 Be4 32. a4 a5 33. Rxf4 Bxg2 34. Rh4 Rg7 35. Nd3 b6 36. Nf4 Be4 37. Nd5 Rg2+ 38. Ke1 Bxc2 39. Ne3 Rg1+ 40. Kd2 Bg6 41. Rf4 Rg3 42. h4 Ke6 43. Nd5 Ke5 44. Ke2 Rxb3 0-1

[Event "Sunnyvale Silicon Valley Fall op"]
[Site "Sunnyvale"]
[Date "2023.08.31"]
[Round "1"]
[White "Antipov, Mikhail Al"]
[Black "Jiang, Lucas"]
[Result "1-0"]
[WhiteElo "2600"]
[BlackElo "2279"]
[PlyCount "45"]
[EventDate "2023.08.31"]
[EventType "swiss"]
[EventRounds "9"]
[EventCountry "USA"]
[SourceTitle "EXT 2024"]
[Source "ChessBase"]
[SourceDate "2023.10.10"]
[SourceVersion "1"]
[SourceVersionDate "2023.10.10"]
[SourceQuality "1"]

1. d4 Nf6 2. Nf3 g6 3. b3 Bg7 4. Bb2 d5 5. e3 0-0 6. Be2 c5 7. 0-0 b6 8. Nbd2 Ba6 9. c4 Nbd7 10. Re1 Qc8 11. Rc1 e6 12. b4 dxc4 13. Nxc4 Nd5 14. bxc5 bxc5 15. e4 Bxc4 16. Bxc4 N5b6 17. Bb5 Qd8 18. Ba3 a6 19. Bc6 Rc8 20. dxc5 Rxc6 21. cxb6 Rxc1 22. Qxc1 Re8 23. Rd1 1-0

[Event "Sunnyvale 1000 GM 07"]
[Site "Sunnyvale"]
[Date "2023.07.30"]
[Round "5"]
[White "Jiang, Lucas"]
[Black "Rodi, Luis Ernesto"]
[Result "1/2-1/2"]
[WhiteElo "2325"]
[BlackElo "2295"]
[PlyCount "44"]
[EventDate "2023.07.28"]
[EventType "schev"]
[EventRounds "9"]
[EventCountry "USA"]
[SourceTitle "CBM 215 Extra"]
[Source "ChessBase"]
[SourceDate "2023.09.30"]
[SourceVersion "1"]
[SourceVersionDate "2023.09.30"]
[SourceQuality "1"]

1. e4 c5 2. Nf3 d6 3. d4 cxd4 4. Nxd4 Nf6 5. Nc3 a6 6. f3 e6 7. Be3 b5 8. a3 Bb7 9. g4 h6 10. Rg1 d5 11. exd5 Nxd5 12. Nxd5 Bxd5 13. Qd2 Nc6 14. Be2 Rc8 15. 0-0-0 Qc7 16. Kb1 Be7 17. f4 Bf6 18. Rc1 Be4 19. Nb3 Rd8 20. Qe1 Nd4 21. Nxd4 Bxd4 22. Qf2 Qc5 1/2-1/2

[Event "Sunnyvale 1000 GM 07"]
[Site "Sunnyvale"]
[Date "2023.07.29"]
[Round "3"]
[White "Jiang, Lucas"]
[Black "Maass Garza, Gustavo"]
[Result "1/2-1/2"]
[WhiteElo "2325"]
[BlackElo "2244"]
[PlyCount "56"]
[EventDate "2023.07.28"]
[EventType "schev"]
[EventRounds "9"]
[EventCountry "USA"]
[SourceTitle "CBM 215 Extra"]
[Source "ChessBase"]
[SourceDate "2023.09.30"]
[SourceVersion "1"]
[SourceVersionDate "2023.09.30"]
[SourceQuality "1"]

1. e4 c5 2. Nf3 d6 3. d4 cxd4 4. Nxd4 Nf6 5. Nc3 a6 6. f3 Nc6 7. Be3 e5 8. Nb3 Be7 9. g4 h6 10. Qd2 Be6 11. Nd5 Bxd5 12. exd5 Nb8 13. 0-0-0 Nbd7 14. Kb1 Qc7 15. c4 b6 16. h4 a5 17. Bd3 a4 18. Nc1 e4 19. Bxe4 Nxe4 20. fxe4 Qxc4 21. Bd4 0-0 22. g5 h5 23. Ne2 Rac8 24. Nf4 g6 25. Rc1 Qb5 26. Ka1 Nc5 27. Bxc5 Rxc5 28. Rxc5 bxc5 1/2-1/2

[Event "Milpitas"]
[Site "Milpitas"]
[Date "2023.07.17"]
[Round "6"]
[White "Jiang, Lucas"]
[Black "Rodi, Luis Ernesto"]
[Result "1/2-1/2"]
[WhiteElo "2325"]
[BlackElo "2295"]
[PlyCount "71"]
[EventDate "2023.07.14"]
[EventType "schev"]
[EventRounds "9"]
[EventCountry "USA"]
[SourceTitle "EXT 2024"]
[Source "ChessBase"]
[SourceDate "2023.10.10"]
[SourceVersion "1"]
[SourceVersionDate "2023.10.10"]
[SourceQuality "1"]

1. e4 e5 2. Nf3 Nc6 3. Bb5 a6 4. Ba4 d6 5. 0-0 Bg4 6. h3 h5 7. Bxc6+ bxc6 8. d4 Qf6 9. Nbd2 g5 10. dxe5 dxe5 11. Nc4 Bxf3 12. Qxf3 Qxf3 13. gxf3 f6 14. Be3 Ne7 15. Na5 Ng6 16. Nxc6 Nh4 17. Rfd1 Nxf3+ 18. Kg2 Nh4+ 19. Kg3 Ng6 20. Rd3 Nf4 21. Bxf4 exf4+ 22. Kf3 Bd6 23. Nd4 Rg8 24. Rg1 0-0-0 25. Nf5 Kb7 26. Nxd6+ Rxd6 27. Rxd6 cxd6 28. Rd1 Kc6 29. b3 Re8 30. c4 a5 31. Rd4 Re7 32. Rd1 Re8 33. h4 Re7 34. Rg1 Rg7 35. Rh1 Rh7 36. Rg1 1/2-1/2

[Event "Milpitas"]
[Site "Milpitas"]
[Date "2023.07.15"]
[Round "3"]
[White "Garcia, Jhoel"]
[Black "Jiang, Lucas"]
[Result "1-0"]
[WhiteElo "2364"]
[BlackElo "2325"]
[PlyCount "100"]
[EventDate "2023.07.14"]
[EventType "schev"]
[EventRounds "9"]
[EventCountry "USA"]
[SourceTitle "EXT 2024"]
[Source "ChessBase"]
[SourceDate "2023.10.10"]
[SourceVersion "1"]
[SourceVersionDate "2023.10.10"]
[SourceQuality "1"]

1. d4 Nf6 2. c4 g6 3. Nc3 d5 4. cxd5 Nxd5 5. e4 Nxc3 6. bxc3 Bg7 7. Nf3 c5 8. Be2 0-0 9. 0-0 Nc6 10. Be3 Qa5 11. d5 Ne5 12. Nd2 b6 13. Rc1 Ba6 14. c4 Nd7 15. Qc2 e6 16. dxe6 fxe6 17. f4 Bb7 18. e5 Qa3 19. Nb3 Rad8 20. Rcd1 Nb8 21. Bg4 Bc8 22. Rxd8 Rxd8 23. Rd1 Re8 24. Rd2 Qa6 25. Qe4 Bb7 26. Qd3 Bf8 27. h4 Bc6 28. h5 Kg7 29. Bf2 Qb7 30. Bh4 Be7 31. h6+ Kf7 32. Bxe7 Qxe7 33. Bf3 Qc7 34. Be4 Qb7 35. Bxc6 Nxc6 36. Qf3 Qc7 37. Rd6 Rc8 38. Qd3 Ke7 39. Qh3 Nd8 40. Qh4+ Ke8 41. Qf6 Qf7 42. Qh8+ Ke7 43. g3 Rb8 44. Nd2 Nc6 45. Qg7 Qxg7 46. hxg7 Nd4 47. Ne4 Nf5 48. Nf6 Nxg7 49. Rd7+ Kf8 50. Nxh7+ Ke8 1-0

[Event "Milpitas"]
[Site "Milpitas"]
[Date "2023.07.15"]
[Round "2"]
[White "Jiang, Lucas"]
[Black "Rivera, Ingris"]
[Result "1-0"]
[WhiteElo "2325"]
[BlackElo "2240"]
[PlyCount "93"]
[EventDate "2023.07.14"]
[EventType "schev"]
[EventRounds "9"]
[EventCountry "USA"]
[SourceTitle "EXT 2024"]
[Source "ChessBase"]
[SourceDate "2023.10.10"]
[SourceVersion "1"]
[SourceVersionDate "2023.10.10"]
[SourceQuality "1"]

1. e4 c5 2. Nf3 d6 3. d4 cxd4 4. Nxd4 Nf6 5. Nc3 a6 6. f3 e5 7. Nb3 Be7 8. Be3 Be6 9. Qd2 0-0 10. 0-0-0 Nbd7 11. g4 b5 12. g5 Ne8 13. h4 b4 14. Nd5 Bxd5 15. Qxd5 a5 16. Kb1 a4 17. Nc1 Nc7 18. Qd2 Ne6 19. Bh3 Ndc5 20. Qxb4 a3 21. b3 Qc7 22. Qc4 Qb8 23. Bxe6 Nxe6 24. Qe2 Rc8 25. c4 Bd8 26. Rd5 Rc6 27. h5 Nxg5 28. h6 g6 29. Rb5 Qc7 30. Nd3 Ne6 31. Nb4 Rc5 32. Nd5 Qc8 33. Bxc5 dxc5 34. Qh2 f6 35. Rb6 Kf7 36. Rd6 Ra6 37. Rxa6 Qxa6 38. Rd1 Nd4 39. f4 Qc8 40. f5 gxf5 41. Qg2 Ke6 42. exf5+ Kd6 43. Rf1 Qb8 44. Qg8 Qc8 45. Qxh7 e4 46. Qg8 Nxf5 47. h7 1-0

[Event "Las Vegas National op"]
[Site "Las Vegas"]
[Date "2023.06.17"]
[Round "6"]
[White "Jiang, Lucas"]
[Black "Mikaelyan, Arman"]
[Result "1-0"]
[WhiteElo "2352"]
[BlackElo "2523"]
[PlyCount "77"]
[EventDate "2023.06.14"]
[EventType "swiss"]
[EventRounds "9"]
[EventCountry "USA"]
[SourceTitle "CBM 214 Extra"]
[Source "ChessBase"]
[SourceDate "2023.07.31"]
[SourceVersion "1"]
[SourceVersionDate "2023.07.31"]
[SourceQuality "1"]

1. e4 c5 2. Nf3 Nc6 3. d4 cxd4 4. Nxd4 g6 5. c4 Bg7 6. Be3 Nf6 7. Nc3 0-0 8. Be2 d6 9. 0-0 Bd7 10. h3 a6 11. Qd2 Rb8 12. Rfd1 Nxd4 13. Bxd4 Bc6 14. Qc2 Qc7 15. Rac1 Bh6 16. Ra1 Bg7 17. Rac1 Bh6 18. Rb1 e5 19. Be3 Bxe3 20. fxe3 Qb6 21. Qd3 a5 22. Kh1 Rbd8 23. b3 Qb4 24. Qc2 Qc5 25. Qd3 Kg7 26. Bf3 h5 27. Rf1 Rh8 28. Qd2 Rh6 29. Qf2 Rf8 30. Be2 Nxe4 31. Nxe4 Bxe4 32. Qf6+ Kh7 33. Rbd1 Qxe3 34. Bf3 Bxf3 35. Rxf3 Qe2 36. Rxd6 Kg8 37. Qe7 Qe1+ 38. Kh2 Qb4 39. a3 1-0

[Event "Las Vegas National op"]
[Site "Las Vegas"]
[Date "2023.06.15"]
[Round "3"]
[White "Matviishen, Viktor"]
[Black "Jiang, Lucas"]
[Result "1-0"]
[WhiteElo "2538"]
[BlackElo "2352"]
[PlyCount "59"]
[EventDate "2023.06.14"]
[EventType "swiss"]
[EventRounds "9"]
[EventCountry "USA"]
[SourceTitle "CBM 214 Extra"]
[Source "ChessBase"]
[SourceDate "2023.07.31"]
[SourceVersion "1"]
[SourceVersionDate "2023.07.31"]
[SourceQuality "1"]

1. d4 Nf6 2. c4 g6 3. Nc3 d5 4. cxd5 Nxd5 5. Bd2 Bg7 6. e4 Nb6 7. Be3 0-0 8. a4 a5 9. h3 c6 10. Nf3 Na6 11. Be2 Be6 12. 0-0 Nb4 13. Ng5 Bc4 14. Rc1 h6 15. Nf3 Rc8 16. b3 Bxe2 17. Qxe2 e6 18. Rfd1 Nd7 19. e5 Nb6 20. Ne4 N6d5 21. Bd2 Qe7 22. Nh2 f5 23. exf6 Nxf6 24. Nxf6+ Qxf6 25. Ng4 Qe7 26. Bxh6 Nd5 27. Bxg7 Kxg7 28. Re1 Rce8 29. Qd2 Nf4 30. Rc5 1-0

[Event "Las Vegas 1000 GM op"]
[Site "Las Vegas"]
[Date "2023.06.12"]
[Round "9"]
[White "Jiang, Lucas"]
[Black "Nakada, Akira W"]
[Result "0-1"]
[WhiteElo "2352"]
[BlackElo "2321"]
[PlyCount "68"]
[EventDate "2023.06.08"]
[EventType "swiss"]
[EventRounds "9"]
[EventCountry "USA"]
[SourceTitle "CBM 214 Extra"]
[Source "ChessBase"]
[SourceDate "2023.07.31"]
[SourceVersion "1"]
[SourceVersionDate "2023.07.31"]
[SourceQuality "1"]

1. e4 c6 2. d4 d5 3. e5 c5 4. dxc5 e6 5. Be3 Nd7 6. Bb5 Ne7 7. Bd4 Nf5 8. c3 Be7 9. Ne2 0-0 10. Ng3 Nxc5 11. Nxf5 exf5 12. 0-0 f4 13. Be2 Bf5 14. Nd2 Ne6 15. Qb3 Qd7 16. Bf3 Rfd8 17. Rfd1 g6 18. Rac1 h5 19. Be2 Kh7 20. Nf3 Be4 21. Nd2 Bf5 22. Nf3 b6 23. a4 Nc5 24. Bxc5 bxc5 25. Qa2 Qb7 26. Rd2 Rab8 27. Bd1 Be4 28. b3 Kg8 29. Ne1 Qc7 30. f3 Bf5 31. Re2 c4 32. b4 a5 33. b5 Bc5+ 34. Kh1 Be3 0-1

[Event "Las Vegas 1000 GM op"]
[Site "Las Vegas"]
[Date "2023.06.11"]
[Round "7"]
[White "Jiang, Lucas"]
[Black "Gavrilin, Roman"]
[Result "1-0"]
[WhiteElo "2352"]
[BlackElo "2128"]
[PlyCount "93"]
[EventDate "2023.06.08"]
[EventType "swiss"]
[EventRounds "9"]
[EventCountry "USA"]
[SourceTitle "CBM 214 Extra"]
[Source "ChessBase"]
[SourceDate "2023.07.31"]
[SourceVersion "1"]
[SourceVersionDate "2023.07.31"]
[SourceQuality "1"]

1. e4 c5 2. Nf3 d6 3. d4 cxd4 4. Nxd4 Nf6 5. Nc3 a6 6. f3 e5 7. Nb3 h5 8. Be3 Be6 9. Nd5 Bxd5 10. exd5 Nbd7 11. Qd2 g6 12. 0-0-0 Nb6 13. Kb1 Nbxd5 14. Bf2 Rc8 15. Bh4 Bh6 16. Qa5 g5 17. Bf2 Qxa5 18. Nxa5 Rc7 19. Bc4 b6 20. Bxd5 bxa5 21. Bb3 Ke7 22. Bb6 Rb7 23. Bxa5 g4 24. Rhf1 Rg8 25. fxg4 Rxg4 26. g3 h4 27. Rxd6 hxg3 28. hxg3 Kxd6 29. Rxf6+ Kc5 30. Rxh6 Rxg3 31. a3 e4 32. Bc3 f5 33. Re6 Rf3 34. Ka2 Rh7 35. Ba5 Rb7 36. c3 Rxb3 37. Kxb3 Kd5 38. Rxa6 f4 39. Ra8 e3 40. Re8 Kc6 41. c4 Rf2 42. Re4 Rf3 43. Bc3 Rf2 44. Be5 e2 45. Bxf4 Rxf4 46. Rxe2 Kc5 47. Re5+ 1-0

[Event "Las Vegas 1000 GM op"]
[Site "Las Vegas"]
[Date "2023.06.10"]
[Round "5"]
[White "Jiang, Lucas"]
[Black "Wang, Isaac"]
[Result "1/2-1/2"]
[WhiteElo "2352"]
[BlackElo "2127"]
[PlyCount "70"]
[EventDate "2023.06.08"]
[EventType "swiss"]
[EventRounds "9"]
[EventCountry "USA"]
[SourceTitle "CBM 214 Extra"]
[Source "ChessBase"]
[SourceDate "2023.07.31"]
[SourceVersion "1"]
[SourceVersionDate "2023.07.31"]
[SourceQuality "1"]

1. e4 c5 2. Nf3 d6 3. d4 cxd4 4. Nxd4 Nf6 5. Nc3 a6 6. f3 e5 7. Nb3 Be6 8. Be3 h5 9. Nd5 Bxd5 10. exd5 Nbd7 11. Qd2 g6 12. 0-0-0 Nb6 13. Qa5 Bh6 14. Bxh6 Rxh6 15. Kb1 Kf8 16. c4 Kg7 17. Be2 Rh8 18. Rc1 h4 19. Rhd1 Nbd7 20. Qb4 Qc7 21. c5 a5 22. Qa3 dxc5 23. Nxc5 Nxc5 24. d6 Qd7 25. Rxc5 Qf5+ 26. Bd3 Qf4 27. h3 Rhd8 28. Rc4 Qe3 29. Rc7 Qb6 30. Be4 Qxc7 31. dxc7 Rxd1+ 32. Kc2 Rd7 33. Qc5 Rc8 34. Qxe5 Rcxc7+ 35. Kb3 b6 1/2-1/2

[Event "Las Vegas 1000 GM op"]
[Site "Las Vegas"]
[Date "2023.06.09"]
[Round "3"]
[White "Jiang, Lucas"]
[Black "Liu, Patrick"]
[Result "1-0"]
[WhiteElo "2352"]
[BlackElo "2191"]
[PlyCount "120"]
[EventDate "2023.06.08"]
[EventType "swiss"]
[EventRounds "9"]
[EventCountry "USA"]
[SourceTitle "CBM 214 Extra"]
[Source "ChessBase"]
[SourceDate "2023.07.31"]
[SourceVersion "1"]
[SourceVersionDate "2023.07.31"]
[SourceQuality "1"]

1. e4 c5 2. Nf3 e6 3. d4 cxd4 4. Nxd4 Nc6 5. Bf4 d6 6. Nxc6 bxc6 7. c4 Nf6 8. Nc3 e5 9. Be3 Be7 10. Be2 0-0 11. 0-0 Be6 12. b4 d5 13. cxd5 cxd5 14. exd5 Nxd5 15. Nxd5 Bxd5 16. Qa4 Qc7 17. Rfd1 Rfd8 18. b5 Qb7 19. f3 e4 20. f4 Rd7 21. Rac1 Bd8 22. Qa6 Bb6 23. Bxb6 Qxb6+ 24. Qxb6 axb6 25. Bc4 Be6 26. Rxd7 Bxd7 27. Bd5 Re8 28. a4 e3 29. Kf1 Kf8 30. Ke2 Bg4+ 31. Bf3 Bxf3+ 32. gxf3 f5 33. Rc3 Ra8 34. Ra3 Rc8 35. Kxe3 Rc4 36. a5 bxa5 37. Rxa5 Rc3+ 38. Kd4 Rxf3 39. b6 Rb3 40. Kc5 Ke7 41. Kc6 Rc3+ 42. Kd5 Rb3 43. Kc5 h6 44. Rb5 Rc3+ 45. Kd5 Rc8 46. b7 Rb8 47. Kc6 Kf6 48. Rb6 Ke7 49. Kc7 Rf8 50. h4 Kf7 51. b8Q Rxb8 52. Rxb8 Kg6 53. Kd6 Kh5 54. Rg8 Kg4 55. Ke5 Kxh4 56. Rxg7 Kh3 57. Rh7 h5 58. Rxh5+ Kg4 59. Rxf5 Kf3 60. Rg5 Ke3 1-0